000 00352nam a2200133Ia 4500
008 240624s9999 xx 000 0 und d
041 _aeng
082 _a658.4038 HOL
100 _aHOLSAPPLE C W
245 _aHANDBOOK ON KNOWLEDGE MANAGEMENT 1 KNOWL
260 _c2003
_aNew Delhi
_bSpringer
300 _axxxiv, : 700 : p. : cm. ; 23
365 _cRS
_b35
999 _c5836
_d5836